<?xml version="1.0" encoding="UTF-8"?>
<record
    xmlns:xsi="http://www.w3.org/2001/XMLSchema-instance"
    xsi:schemaLocation="http://www.loc.gov/MARC21/slim http://www.loc.gov/standards/marcxml/schema/MARC21slim.xsd"
    xmlns="http://www.loc.gov/MARC21/slim">

  <leader>00218nam a2200085   4500</leader>
  <controlfield tag="001">1258340</controlfield>
  <controlfield tag="005">20260308095313.0</controlfield>
  <datafield tag="245" ind1=" " ind2=" ">
    <subfield code="a">B&#x130;L&#x130;M DEDEKT&#x130;FLER&#x130; G&#xDC;&#xC7; TA&#x15E;I</subfield>
    <subfield code="c">EM&#x130;R HERSAN SEV&#x130;L BAL</subfield>
  </datafield>
  <datafield tag="260" ind1=" " ind2=" ">
    <subfield code="b">T&#x130;MA&#x15E; YAYINLARI</subfield>
  </datafield>
  <datafield tag="999" ind1=" " ind2=" ">
    <subfield code="c">1258340</subfield>
    <subfield code="d">1258340</subfield>
  </datafield>
  <datafield tag="952" ind1=" " ind2=" ">
    <subfield code="0">0</subfield>
    <subfield code="1">0</subfield>
    <subfield code="2">ddc</subfield>
    <subfield code="4">0</subfield>
    <subfield code="7">0</subfield>
    <subfield code="a">1057</subfield>
    <subfield code="b">1057</subfield>
    <subfield code="d">2026-03-08</subfield>
    <subfield code="l">0</subfield>
    <subfield code="o">&#xD6;3</subfield>
    <subfield code="p">10576367</subfield>
    <subfield code="r">2026-03-08 09:53:28</subfield>
    <subfield code="w">2026-03-08</subfield>
    <subfield code="y">BK</subfield>
  </datafield>
</record>
